Diagnostika interného prostredia vybraného podniku bakalárska práca

Na minha lista:
Detalhes bibliográficos
Autor principal: Liptáková, Nikola
Autor Corporativo: Podnikovohospodárska fakulta EU so sídlom v Košiciach. Katedra manažmentu
Outros Autores: Kubíková, Zuzana
Formato: Livro
Idioma:eslovaco
Publicado em: Košice 2017
Tags: Adicionar Tag
Sem tags, seja o primeiro a adicionar uma tag!

MARC

LEADER 00000nbm a2200000 4500
001 0231656
005 20171113105807.9
041 0 |a slo 
044 |a SK 
245 1 0 |a Diagnostika interného prostredia vybraného podniku  |b bakalárska práca  |c Nikola Liptáková ; školiteľ: Zuzana Kubíková 
264 1 |a Košice  |c 2017 
300 |a 50 s. 
100 1 |a Liptáková, Nikola 
700 1 |a Kubíková, Zuzana 
710 2 |a Podnikovohospodárska fakulta EU so sídlom v Košiciach. Katedra manažmentu